000 00876nam a2200253 u 4500
001 000407764
003 AM-YeHGA
005 20250617132637.0
008 050204s1962 ||| r 000 0 rus d
040 _aAM-YeHGA
041 0 _arus
100 1 _aМальцева, Наталья Львовна
245 1 0 _aКлуэ /
_cН.Л. Мальцева.
260 _aМосква :
_bИскусство,
_c1962.
300 _a64 стр. :
_b[12] л. илл. ;
_c17 см.
504 _aБиблиография, стр. 64
600 1 4 _aКлуэ, Франсуа
_d1515-1572
650 1 4 _aЖивопись зарубежных стран
650 1 4 _aЖивопись
_zФранция
653 0 _aФранцузский Ренесанс
653 0 _aХудожники французские
653 0 _aЖивопись, 16 в. - Франция
090 _c156386
999 _c154988
_d154988